MDQL
is popping MORE tags! Check the
thread
!
Quizzes
Events
Quiz Creation
Community
Videos
Private Events
Remove Ads
Sign In
Join for FREE
Feedback
Dark Mode
Quiz Categories
Sports
Geography
Music
Movies
Television
Just For Fun
Miscellaneous
History
Literature
Language
Science
Gaming
Entertainment
Religion
Holiday
For Kids
Quiz Lab
Recent
Popular Today
Quiz Kudos Today
Editor Picks
Curator Picks
Quizzes by...
Day
Popularity
Type
Ratings
Length
Year
Community
Subscriptions
Recent Discussions
Orange Saloon
Badges
Playlists
Quests
Create
Leaderboards
Showdown
Live 5
Trivia Bingo
Activity
Puzzle Library
Sporcle Events
Private Events
Virtual Trivia
Globe League
Become a Host
Pub Owners
SporcleCon
Opinionation
Our Games
Videos
Blog
Mobile Apps
Partnerships
Remove Ads and Go Orange
Feedback
Music
Pop Music
The Beatles
Song
Album
Lyrics
Bands
Singers
Artist
Clip
Rock
Rap
Classical
Billboard
Country Music
Kpop
Taylor Swift
Music
Pop Music
The Beatles
Song
Album
Lyrics
Bands
Singers
Artist
Clip
Rock
Rap
Classical
Billboard
Country Music
Kpop
Taylor Swift
Random Quiz
Search Sporcle
×
Quiz Lab
Quiz Lab
Music
Lyrics
Type in answers that appear in a list
Type in answers that appear in a list
Classic
Best Score? Go Orange.
Lyrics: 'Countdown' - Beyoncé Stats
Can you name the lyrics to 'Countdown' by Beyonce?
By
ClosetPoet
10m
60 Questions
915 Plays
915 Plays
915 Plays
Comments
Comments
Give Quiz Kudos
Give Quiz Kudos
-
- Ratings
hide this ad
Replay
Link that replays current quiz
Next Quiz
Link to next quiz in quiz playlist
You Got
0%
They Got
Avg Score
41%
Avg Friend Score
Upgrade to see
Score Distribution
Jump to the score distribution portion of the page
Score
0/60
Timer
10:00
0
Plays Today
Lyrics
Next Lyrics
% Correct
Boy, oh killing me softly
and I'm still falling
86.6%
Oh killing me softly
and I'm still falling
86.6%
Oh killing me softly
and I'm still falling
86.6%
Still the one I need
I will always be with you
84.4%
Still the one I need
I will always be with you
84.4%
Still the one I need
I will always be with you
84.4%
Oh, you got me all gone
don't ever let me go
78.8%
Oh, you got me all gone
don't ever let me go
78.8%
Oh, you got me all gone
don't ever let me go
78.8%
If you leave me
you're out of your mind
55.7%
If you leave me
you're out of your mind
55.7%
If you leave me
you're out of your mind
55.7%
Dedicated to
the one I love
55%
He pick me up, we 8
Make me feel so lucky 7
51.7%
He pick me up, we 8
Make me feel so lucky 7
51.7%
He pick me up, we 8
Make me feel so lucky 7
51.7%
Say it real loud
if you fly
47.8%
Say it real loud
if you fly
47.8%
Say it real loud
if you fly
47.8%
There's ups and
downs in this love
47.5%
He kiss me in his 6
We be making love in 5
47%
He kiss me in his 6
We be making love in 5
47%
He kiss me in his 6
We be making love in 5
47%
Still a lot to
learn in this love
42.8%
All up in the kitchen
in my heels, dinner time
42.8%
I'm all up under him
like it's cold, winter time
42.3%
Through the good and the
bad still got love
42%
Grind up on it girl
show him how you ride it
41.6%
Grind up on it girl
show him how you ride it
41.6%
Still all up on each other
ain't a damn thing change
38.5%
Lyrics
Next Lyrics
% Correct
My girls can't tell me nothing
I'm gone in the brain
38.4%
My baby is a 10
We dressing to the 9
38.3%
My baby is a 10
We dressing to the 9
38.3%
My baby is a 10
We dressing to the 9
38.3%
All up in that black
with his chick right beside him
36%
All up in that black
with his chick right beside him
36%
Still love the way he talk
still love the way I sing
35.1%
Ooh, ooh, damn I think I love that boy
do anything for that boy
35.1%
Give it all to him
meet him at the finish line
34.4%
Still the one I do this 4
I'm trying to make us 3
32.9%
Still the one I do this 4
I'm trying to make us 3
32.9%
Still the one I do this 4
I'm trying to make us 3
32.9%
London, speed it up
Houston, rock it
27.7%
Ladies if you love your man
show him you the fliest
24.7%
Ladies if you love your man
show him you the fliest
24.7%
From that 2
He still the 1
24.3%
From that 2
He still the 1
24.3%
From that 2
He still the 1
24.3%
Still love the way he rock them
black diamonds in that chain
23.8%
Do whatever that it takes
he got a winner's mind
23.1%
Ooh, ooh, now I'll never be the same
it's you and me until the end
21.3%
Me and my boo and
my boo lip locking
16.3%
Yup, I buy my own
if he deserve it buy his **** too
16.1%
All up in the store, shawty
fly as we want to
16.1%
All up in the back cause
the chicks keep flocking
13.2%
All that gossip in
10 years stop it
12.2%
Yup, I put it on him
it ain't nothing that I can't do
12.1%
Me and my boo in
my boo coup riding
12%
Me and my boo in
my boo coup riding
12%
All up in the store, shorty
tricking if I want to
10.6%
Quiz Playlist
Details
Report
Send in Message
Add To Playlist
Classic:
Type in answers that appear in a list
Last Updated: Jun 30, 2017
Quiz Scoreboard
CHALLENGE
Sign Up to Join the Scoreboard
Show All
Scores
Hide
Comments
May contain spoilers
Recently Published
Find the 'City' Movie
by crazypaving
Movies
60s
5x2 Blitz: Bands
by SL_Kpop136
Music
30s
Colored Red Africa Blitz
by spor1
Geography
30s
More to Explore
Quiz From the Vault
Featured Blog Post
14 Easter Pick-up Lines to Find Eggs With
hide this ad
You Might Also Like...
Tags
Lyrics Quiz
Beyonce
Beyonce Songs
Countdown
Today's Top Quizzes in Music
Browse Music
hide this ad
Today's Top Quizzes in Lyrics
Browse Lyrics
Top Contributed Quizzes in Music
1
5X2 Blitz: Bands II
2
Taylor Swift All Songs (2024)
3
Taylor Swift Logic Puzzle II
4
5X2 Blitz: The Beatles
5
5X2 Blitz: Billboard
6
Taylor Swift Logic Puzzle
7
5X2 Blitz: Billboard II
8
5X2 Blitz: Album
9
5X2 Blitz: Singers
10
Music Artist by Three 2010s hits
Explore More
Trending Topics
Marvel
Harry Potter
Disney
Kpop
Anime
NBA
Crossword
Pokémon
WWE
NFL
Puzzle
Country
The Office
Song
Soccer
hide this ad
More By:
ClosetPoet
Quiz
Plays
Rating
Category
Featured
Created
Lyrics: 'Take Me To Church' - Hozier
12,697
4.61
Music
Sep 22, 2014
Lyrics: 'When I Was Your Man' - Bruno Mars
9,956
4.79
Music
Mar 31, 2013
Lyrics: 'I'll Make a Man Out of You' - Mulan
7,790
4.87
Music
May 15, 2013
Lyrics: 'Bet On It' - High School Musical 2
5,938
5.00
Music
Dec 17, 2014
Lyrics: 'I'm Not the Only One' - Sam Smith
4,581
4.83
Music
Nov 17, 2014
Go to Creator's Profile
Score Distribution
Quiz Creator Spotlight
ClosetPoet
Follow
Send a Message
Quizzes Created
-
Created Quiz Play Count
-
More By This Creator
Popular Quizzes Today
1
Colored Red Africa Blitz
2
Find the US States - No Outlines Minefield
3
Find the 'City' Movie
4
5x2 Blitz: Bands
5
The Countries of the World
6
Find the US States
7
US States
8
9x9 Crossword: Cartoon Network
More Music Quizzes
BTS Word Search
Quiz Lab
Trending Quizzes
Colored Red Europe Blitz I
Colored Red Europe Blitz II
Colored Red Africa Blitz II
Colored Red Europe Blitz III
Colored Red Africa Blitz III
Recently Updated
Godzilla Movies
pecheneg
Grab Bag: 4-10 Letters
pecheneg
2024 March Madness Bracket
pecheneg
Famous TV Couples
Peacemaker
Champions League XIs: Real Madrid
pecheneg
Largest US Cities 1790-2010
pecheneg
Rides in Walt Disney World
pecheneg
Most Oscar Losses (Acting)
pecheneg
Beyoncé Albums
pecheneg
Leaping Animals
pecheneg
Trending Topics
Marvel
Kpop
NBA
Harry Potter
Disney
Crossword
Anime
The Office
WWE
Puzzle
Soccer
NFL
Country
Pokémon
Song
Your Account Isn't Verified!
In order to create a playlist on Sporcle, you need to verify the email address you used during registration. Go to your
Sporcle Settings
to finish the process.
Report this User
Report this user for behavior that violates our
Community Guidelines
.
Details:
Send Report
Go to the Sporcle.com Mobile Site →
Comments